| 000 | 01318nam a22002297a 4500 | ||
|---|---|---|---|
| 003 | BD-DhJNU | ||
| 005 | 20260511035006.0 | ||
| 008 | 260511b |||||||| |||| 00| 0 eng d | ||
| 020 | _a9788197895937 | ||
| 040 |
_aBD-DhJNU _bBEN _cBD-DhJNU _dBD-DhJNU |
||
| 082 |
_223 _a954.14 |
||
| 100 | _aমৈত্রেয়, শ্রীযুক্ত অক্ষয়কুমার | ||
| 242 |
_aDecline of the Pala empire / _cShrijukto Akshay Kumar Maitreya |
||
| 245 |
_aপাল সাম্রাজ্যের অধঃপতন / _cশ্রীযুক্ত অক্ষয়কুমার মৈত্রেয় এবং শ্রী রমেশচন্দ্র মজুমদার (সারানুবাদ) |
||
| 260 |
_aকলকাতা : _bপঞ্চালিকা প্রকাশনী, _c2024. |
||
| 300 |
_a১৬৪ পৃ. : _bচিত্র ; _c১৮ সেমি.। |
||
| 504 | _aগ্রন্থপঞ্জিগত নির্দেশিকা ও নিঘন্ট অন্তভূক্ত | ||
| 650 | _aIndia - History - Pala Dynasty | ||
| 650 | _aপাল সাম্রাজ্য, ৭৫০-১১৬১ খ্রি | ||
| 700 |
_aমজুমদার, শ্রী রমেশচন্দ্র _eসারানুবাদ |
||
| 942 |
_2ddc _cBK _n0 |
||
| 999 |
_c2774 _d2774 |
||